Keralathile natanpattukalim nattuvaitharikalum/ (Record no. 182051)

000 -LEADER
fixed length control field 00461nam a2200157 4500
020 ## - INTERNATIONAL STANDARD BOOK NUMBER
ISBN 9789388992466
082 ## - DEWEY DECIMAL CLASSIFICATION NUMBER
Classification number M 398.357 8
Item number SAT/K
100 ## - MAIN ENTRY--AUTHOR NAME
Personal name Sathyan Kallurutty
245 ## - TITLE STATEMENT
Title Keralathile natanpattukalim nattuvaitharikalum/
Statement of responsibility, etc by Sathyan Kallurutty
260 ## - PUBLICATION, DISTRIBUTION, ETC. (IMPRINT)
Place of publication Kottayam:
Name of publisher Sahithya Pravarthaka Co-operative Society,
Year of publication 2025.
300 ## - PHYSICAL DESCRIPTION
Number of Pages 320p.
650 ## - SUBJECT ADDED ENTRY--TOPICAL TERM
Topical Term Folk Songs Kerala
650 ## - SUBJECT ADDED ENTRY--TOPICAL TERM
Topical Term Folk Literature
650 ## - SUBJECT ADDED ENTRY--TOPICAL TERM
Topical Term Social Sciences
942 ## - ADDED ENTRY ELEMENTS (KOHA)
Koha item type Book
Holdings
Withdrawn status Lost status Damaged status Not for loan Permanent Location Current Location Shelving location Date acquired Cost, normal purchase price Full call number Accession Number Price effective from Koha item type
        Sree Sankaracharya University of Sanskrit Sree Sankaracharya University of Sanskrit Stacks 04.06.2026 440.00 M 398.357 8 SAT/K 109129 04.06.2026 Book